00255 a2200121 4500001000700000020001800007040001100025100001600036240003500052245003000087300000700117362000900124183000 a85-305-0200-0 cMagnum aRocha, Ruth10aBom dia, todas as cores !lpor10aBom dia, todas as cores ! a350 a1998